Global Development Finance 2009: (Record no. 4642)
[ view plain ]
| 000 -LEADER | |
|---|---|
| fixed length control field | 00461nam a22001457a 4500 |
| 008 - FIXED-LENGTH DATA ELEMENTS--GENERAL INFORMATION | |
| fixed length control field | 161122b xxu||||| |||| 00| 0 eng d |
| 020 ## - INTERNATIONAL STANDARD BOOK NUMBER | |
| International Standard Book Number | 978-0-8213-7842-7 |
| 082 ## - DEWEY DECIMAL CLASSIFICATION NUMBER | |
| Classification number | 332 WOR |
| 245 ## - TITLE STATEMENT | |
| Title | Global Development Finance 2009: |
| Remainder of title | Charting a Global Recovery/ |
| Statement of responsibility, etc. | The World Bank.- |
| Medium | English. |
| 260 ## - PUBLICATION, DISTRIBUTION, ETC. (IMPRINT) | |
| Place of publication, distribution, etc. | Washington D.C.: |
| Name of publisher, distributor, etc. | The World Bank, |
| Date of publication, distribution, etc. | 2009. |
| 300 ## - PHYSICAL DESCRIPTION | |
| Extent | 277p.; |
| Other physical details | ill.; |
| Dimensions | 28cm.- |
| 440 ## - SERIES STATEMENT/ADDED ENTRY--TITLE | |
| Title | The World Bank.- |
| 650 ## - SUBJECT ADDED ENTRY--TOPICAL TERM | |
| Source of heading or term | Financial economics |
| 942 ## - ADDED ENTRY ELEMENTS (KOHA) | |
| Source of classification or shelving scheme | |
| Koha item type | BOOKS |
No items available.